000 01726nam a22004097a 4500
003 CHAP
005 20220329135746.0
008 971013s1979 r 00010 d
010 _a41605
011 _a42577
035 _a46706
040 _cCHAP
082 _a631.455
_bM4
110 _aMéxico. Dirección General de Conservación del Suelo y Agua
_976965
245 _aInventario de áreas erosionadas en el estado de Guanajuato
260 _a(Chapingo, Méx.) :
_bLa Dirección,
_c1979
300 _a43 p.
_b; apénd. ; mapa
500 _aEl mapa se publico por separado, solicitar en oficina
590 _aBATCH-UPD
_b10
_c20130110
_lUCH01
_h1524
590 _aBATCH-UPD
_b10
_c20130410
_lUCH01
_h0934
590 _aBATCH-UPD
_b10
_c20130914
_lUCH01
_h1316
590 _aCONVERSION
_b10
_c20130109
_lUCH01
_h1323
650 1 4 _aErosión.
_937335
650 1 4 _aSuelos
_zGuanajuato.
_9110521
700 0 _aEstrada Berg Wolf, Juan Walterio.
_938357
901 _aBK
942 _cLIBRO
949 _a631.455 M4
_bBC
_cLIBRO
_d33724000075529
_eLIBRO
_fc.6
_h49460
_i46706
_si
949 _a631.455 M4
_bBC
_cLIBRO
_d33724000075537
_eLIBRO
_fc.8
_h49462
_i46706
_si
949 _a631.455 M4
_bBC
_cLIBRO
_d33724000075701
_eLIBRO
_h49455
_i46706
_si
949 _a631.455 M4
_bBC
_cLIBRO
_d33724000075719
_eLIBRO
_fc.3
_h49457
_i46706
_mD
_si
949 _a631.455 M4
_bBC
_cLIBRO
_d33724000075727
_eLIBRO
_fc.4
_h49458
_i46706
_si
949 _a631.455 M4
_bBC
_cLIBRO
_d33724000075735
_eLIBRO
_fc.7
_h49461
_i46706
_si
949 _a631.455 M4
_bBC
_cLIBRO
_d33724000075743
_eLIBRO
_fc.2
_h49456
_i46706
_mD
_si
949 _a631.455 M4
_bBC
_cLIBRO
_d33724000562336
_eLIBRO
_fc.5
_h49459
_i46706
_si
949 _a631.455 M4
_bBC
_cUACH
_d-106419
_eUACH
_fc.10
_h49463
_i46706
_si
999 _c41605
_d41605